000 00841cam a2200325 4500
001 J11510
008 000000n2002 000 0 eng u
035 _a(Sirsi) u118164
041 _aeng
050 _a333.337091
110 _aCB Richard Ellis
_93675
245 _aGlobal market rents. - January 2002
260 _bCB Richard Ellis
_c2002
300 _a1 pt. ; 30cm.
350 _a0
650 _aAFRICA
650 _aASIA PACIFIC
650 _aCANADA
650 _aCARIBBEAN
650 _aEUROPE
650 _aLATIN AMERICA
650 _aMIDDLE EAST
650 _aOCCUPANCY COSTS
650 _aPROPERTY-COMMERCIAL PROPERTY-OFFICE PROPERTY-OFFICE PROPERTY MARKET
650 _aOFFICE RENTS
650 _aOFFICES
650 _aUNITED STATES OF AMERICA
690 _aPROPERTY-COMMERCIAL PROPERTY
942 _n0
999 _c102108
_d102108